Normal view
MARC view
Entry Topical Term
001 - CONTROL NUMBER
- control field: 1132358
003 - CONTROL NUMBER IDENTIFIER
- control field: OSt
005 - DATE AND TIME OF LATEST TRANSACTION
- control field: 20260317171500.0
008 - FIXED-LENGTH DATA ELEMENTS
- fixed length control field: 260317|| aca||aabn | a|a d
040 ## - CATALOGING SOURCE
- Original cataloging agency: OSt
- Transcribing agency: OSt
150 ## - HEADING--TOPICAL TERM
- Topical term or geographic name entry element: Muslims
- Geographic subdivision: India
- Geographic subdivision: Jammu and Kashmir
- General subdivision: Government relations
670 ## - SOURCE DATA FOUND
- Source citation: Work cat.: (OSt)1715639: Rai, Mridu, author., Hindu rulers, Muslim subjects :, 2004.
